|
|
|
|
| LEADER |
00000nam a2200000Ii 4500 |
| 001 |
DIGOCEANO0012 |
| 003 |
NyNyDIG |
| 006 |
m o d |
| 007 |
cr ||||||||||| |
| 008 |
240404s2017 mx ob 000 0 spa d |
| 035 |
|
|
|a (OCoLC)1237401826
|
| 040 |
|
|
|a DGITA
|b eng
|e rda
|e pn
|c DGITA
|
| 020 |
|
|
|a 9786075271583
|q eBook
|
| 020 |
|
|
|z 9786075271569
|
| 041 |
1 |
|
|a spa
|h eng
|
| 050 |
1 |
4 |
|a QP99.3.B5 ebook
|
| 082 |
0 |
4 |
|a 616.4620654
|2 23
|
| 100 |
1 |
|
|a Mosley, Michael,
|d 1957-
|e author.
|
| 240 |
1 |
0 |
|a 8-week blood sugar diet.
|l Spanish
|s (Mercado)
|
| 245 |
1 |
0 |
|a Azúcar en la sangre :
|b un plan de 8 semanas para perder peso y reprogramar tu cuerpo /
|c Michael Mosley ; recetas, Sarah Schenker ; fotografías del interior, Romas Foord ; traducción de Enrique Mercado.
|
| 250 |
|
|
|a Primera edición en libro electrónico.
|
| 264 |
|
1 |
|a Ciudad de México :
|b Océano,
|c [2017]
|
| 300 |
|
|
|a 1 online resource.
|
| 336 |
|
|
|a text
|b txt
|2 rdacontent
|
| 337 |
|
|
|a computer
|b c
|2 rdamedia
|
| 338 |
|
|
|a online resource
|b cr
|2 rdacarrier
|
| 347 |
|
|
|a text file
|2 rdaft
|
| 347 |
|
|
|b EPUB
|
| 504 |
|
|
|a Includes bibliographical references.
|
| 588 |
0 |
|
|a Online resource; title from ePub title page (Digitalia, viewed April 4, 2024)
|
| 650 |
|
0 |
|a Blood glucose
|v Popular works.
|
| 650 |
|
0 |
|a Diabetes
|x Alternative treatment.
|
| 650 |
|
0 |
|a Diabetes
|x Diet therapy
|v Recipes.
|
| 650 |
|
0 |
|a Diabetes
|x Nutritional aspects.
|
| 700 |
1 |
|
|a Schenker, Sarah,
|e contributor agent of text.
|
| 700 |
1 |
|
|a Foord, Romas,
|e photographer.
|
| 700 |
1 |
|
|a Mercado, Enrique,
|e translator.
|
| 700 |
1 |
|
|i Translation of:
|a Mosley, Michael,
|d 1957-
|t 8-week blood sugar diet.
|
| 791 |
2 |
|
|a Digitalia (Firm),
|e distributor.
|
| 793 |
0 |
|
|g Digitalia eBook Collection:
|a Editorial Océano
|
| 776 |
0 |
8 |
|i Print version:
|a Mosley, Michael, 1957-
|s 8-week blood sugar diet. Spanish (Mercado).
|t Azúcar en la sangre.
|d Ciudad de México : Océano, [2018]
|z 9786075271569
|
| 856 |
4 |
0 |
|3 Digitalia Hispánica
|u https://www.digitaliapublishing.com/a/85152/
|
| 910 |
|
|
|a Premium collection: 2024
|